'E'-Less Americas Quiz Stats

 Plays Quiz Updated Mar 16, 2018

Challenge
Share
Tweet
Embed
Score 0/20 Timer 03:00
13 Plays Today
Country % Correct
Canada
96.5%
Brazil
94.5%
Cuba
87.9%
Panama
86.8%
Paraguay
86.5%
Uruguay
86.5%
Colombia
85.9%
Haiti
80.7%
Jamaica
79.8%
Honduras
78.3%
Country % Correct
Costa Rica
78.3%
Bolivia
77.4%
Nicaragua
74.4%
Bahamas
74.1%
Guyana
72.7%
Dominica
71%
Trinidad and Tobago
65.2%
Barbados
63.1%
Saint Lucia
58.5%
Antigua and Barbuda
56.6%

You're not logged in!

Compare scores with friends on all Sporcle quizzes.
Join for Free
OR
Log In

You Might Also Like...

Show Comments

Extras

Top Quizzes Today


Score Distribution

Your Account Isn't Verified!

In order to create a playlist on Sporcle, you need to verify the email address you used during registration. Go to your Sporcle Settings to finish the process.

Report this User

Report this user for behavior that violates our Community Guidelines.

Details: